| 000 | 00641nam a2200217Ii 4500 | ||
|---|---|---|---|
| 003 | JO-AjNU | ||
| 008 | 230606s9999||||xx |||||||||||||| ||und|| | ||
| 020 | _a0-314-92684-4 | ||
| 040 |
_aJO-AjNU _beng _erda _cJO-AjNU |
||
| 041 | _aeng | ||
| 050 | 1 | 4 | _aHD58.7.A44.1992 |
| 100 | 3 |
_aHellriegel,Don/John W W.Slocum/Richard W.Woodman, _eauthor _92933 |
|
| 245 | 0 | 0 | _aORGANIZATIONAL BEHAVIOR |
| 250 | _a6th ed | ||
| 264 | 3 | 1 | _aNew York:WEST PUBLISHING COMPANY,1992 |
| 300 | _a779p | ||
| 336 |
_atext _btxt _2rdacontent |
||
| 337 |
_aunmediated _bn _2rdamedia |
||
| 338 |
_avolume _bnc _2rdacarrier |
||
| 650 | 4 |
_aORGANIZATIONAL BEHAVIOR _92934 |
|
| 999 |
_aE1537 _c1537 _d1537 |
||